000 00802nam a2200265Ia 4500
003 GCL
008 140319s9999 xx 000 0 ara d
040 _aGCL /
_cGCL
082 0 4 _a658.02
_bو ا
100 1 _aوهيلين , توماس
245 1 0 _aالادارة الاستراتيجية /
_cوهيلين , توماس
700 1 _aهنجر , دافيد
700 1 _aمحمود عبدالحميد مرسى (مترجم)
700 1 _aزهير نعيم الصباغ (مترجم)
260 _a[S.N] :
_bمعهد الادارة العامة ،
_c1990
300 _a491 ص
490 _a
650 0 4 _aادارة الاعمال
650 0 4 _aالادارة
650 0 4 _aالتخطيط
650 0 4 _aالتنظيم
650 0 4 _aتطوير
650 0 4 _aتقييم
942 _2ddc
_cBK
999 _c31161
_d31161